Of The War Vol: 1 / (Record no. 187190)

000 -LEADER
fixed length control field 01358 a2200133 4500
003 - CONTROL NUMBER IDENTIFIER
control field NUST
005 - DATE AND TIME OF LATEST TRANSACTION
control field 20230131142907.0
040 ## - CATALOGING SOURCE
Transcribing agency Nust
082 ## - DEWEY DECIMAL CLASSIFICATION NUMBER
Classification number 940.546,SEC
245 ## - TITLE STATEMENT
Title Of The War Vol: 1 /
Statement of responsibility, etc. Sir Brian Horrocks
300 ## - PHYSICAL DESCRIPTION
Extent 260:p.
505 ## - FORMATTED CONTENTS NOTE
Formatted contents note The new that Became History (Page-9), Hitler on the March (Page-20), Take Cover an Air Raid Warden Remembers (Page-38), The Enemy Masterpiece of Espionage (Page-51), The Cruise of the Raider Atlantis (Page-58), The Siege of Fort Eben Emael (Page-65), The Last Enemy (Page-70), Miss Victoria (Page-94), The Prisoners of Differdange (Page-98), Miracle at Dunkirk (Page-105), hero When he had to be (Page-118), Giraud Brilliant Escape from a Nazi Prison (Page-125), How Britain Wealth went west (Page-130), Shepherds of the Underground (Page-142), The Who Did Business with Himmler (Page-154), The Case of the Seasick Stoker (Page-184), The Girl and an Army (Page-189), The Infamous for Pearl Harbour (Page-208), The Password was Mandalay (Page-227), Eleven Against the Nazi A- Bomb (Page-241), A Day of Sweeping Mines off Dover (Page-249), The Hunt for a Spy (Page-254), What they Call Bravery (Page-273), The Savage Recruits from Burma (Page-307), When Hitler Invaded America (Page-317), The Silent Invisible War Under the Sea (Page-333),M.E. Clifton James (Page-345).
942 ## - ADDED ENTRY ELEMENTS (KOHA)
Source of classification or shelving scheme
Koha item type Book
Call number prefix 940.546,SEC
Holdings
Withdrawn status Lost status Source of classification or shelving scheme Damaged status Not for loan Permanent Location Current Location Shelving location Date acquired Full call number Barcode Date last seen Price effective from Koha item type Public note
          Military College of Signals (MCS) Military College of Signals (MCS) General Stacks 12/12/2016 940.546,SEC MCS29554 12/08/2016 12/12/2016 Book Almirah No.60, Shelf No.4
© 2023 Central Library, National University of Sciences and Technology. All Rights Reserved.